000 00301nam a22001337a 4500
008 170926b xxu||||| |||| 00| 0 eng d
020 _a9780132320030
041 _aeng
080 _26TH
_a37
100 _a46
101 _aEDU
245 _aWRITING IN THE DISCIPLINES
_cKENNEDY,M,L
942 _2udc
_cBK
999 _c30000
_d30000